1842 1129 1266 1940 1227 1764 1407 1117 1715 1410 1713 1530 1469 1726 1750 1034 1163 1591 1502 1402 1772 1515 1715 1988 1995 1120 1379 1897 1178 1116 1641 1520 1313 1234 1641 1545 1803 1591 1693 1949 1976 1394 1719 1203 1914 1826 1470 1359 1456 1599 1230 1510 1204 1551 1680 1584 1568 1011 1268 1184 1533 1737 1354 1786 1690 1907 1529 1954 1518 1631 1004 1854 1192 1860 1078 1643 1052 1614 1476 1217 1785 1086 1540 1048 1545 1256 1895 1122 1976 1548 1024 1666 1571 1484 1680 1213 1825 1780 1339 BCNSPRNW ULIB Ver.6.0+V

เปลี่ยนเป็นภาษาไทย

Change to English
 แสดงรายละเอียดบรรณานุกรม
  กลับหน้าหลัก

Brief Record : Get Marc (ISO 2709) : E-mail record : QR code < ปิดหน้าต่าง
LEADER : 00000nam 2200000uu 4500
001    13399122906
003     ULIB
008    131029s2011||||th 000 0 tha d
020    ^a9780763765682
060 04 ^aWY20.5^bT175a
100 1  ^aTappen, Ruth M.
245 10 ^aAdvanced nursing research :^bfrom theory to practice / ^cRuth M. Tappen.
260    ^aSudbury, MA :^bJones & Bartlett Learning,^c2011.
300    ^axvi, 504 p. :^bill. ;^c24 cm.
504    ^aIncludes bibliographical references and index.
650  0 ^aNursing^xResearch^xMethodology.
650  2 ^aNursing Research^xmethods.
650  2 ^aResearch Design.
945    ^p100^l0^i034124
999    ^aเกษร โพธิ์สุวรรณ
รายการนี้ยังไม่มีแท็ก
คุณยังไม่ได้ล็อกอิน คุณสามารถมีกิจกรรมร่วมกับเว็บไซต์ได้ แต่ต้องล็อกอินก่อน ::
  ล็อกอิน

รายการสื่อสารสนเทศ

ลำดับที่ ประเภท เลขเรียก/บาร์โค้ด สถานที่ สถานะ
1. Book การพยาบาล
Book การพยาบาล
WY20.5 T175a  
  Barcode: 034124
ห้องสมุดวิทยาเขตสวรรค์ประชารักษ์
►หนังสือทั่วไป
บนชั้น

รายการใกล้เคียง
    หัวเรื่อง [Research Design.]

BibComment


ยังไม่เคยถูกคอมเมนท์

คอมเมนท์ทรัพยากรรายการนี้
  คอมเมนท์: Advanced nursing..


 Copyright 2026. Bcnsprnw @Library